00918nam a22002297a 450000500170000001000150001702000270003203500140005903700090007308200110008210000320009324501350012526000350026027000810029530000280037670000400040470000330044470000340047794200250051199900190053695201330055520240708125911.0 aENG-140802 a9788196790035c1280.00 aEN-124334 bDBAD a341.48 aManhas, Neeraj Singh968212 aA World of Rights:bNavigating the Global Landscape of Human Rights/ced. by Neeraj Singh Manhas, Nitan Sharma [and] Abhinav Tomer aNew DelhibKW Publishersc2024 a4676/21, First Floor, Ansari Road, DaryaganjbNew Delhie110002k01143528107 axxxv, 402p. c23cm(pb) aManhas, Neeraj SingheEditor968212 aSharma, NitaneEditor968213 aTomer, AbhinaveEditor968214 2ddccENh341.48mMAN c203998d203998 001040708NFICaBL1bBL1d2024-07-08eDBADg1280.00l0o341.48 MANpEN-124334r2024-07-08 00:00:00t1v1280.00w2024-07-08yEN